000
00294nam a2200121Ia 4500
005
20251222143119.0
008
251222s9999||||xx |||||||||||||| ||spa||
082
_a
658.575.2/G75
100
_a
Goslin, Lewis
245
0
_a
El Sistema de DiseƱo de Productos
264
_b
El Ateneo
942
_c
LIB
999
_c
11459
_d
11459